| 000 | 00856nam a2200253Ia 4500 | ||
|---|---|---|---|
| 003 | OSt | ||
| 005 | 20220926015640.0 | ||
| 006 | a|||||r|||| 00| 0 | ||
| 007 | ta | ||
| 008 | 220923b |||||||| |||| 00| 0 eng d | ||
| 020 |
_a9780820469249 _c3003.8099999999999 |
||
| 037 |
_b94, 20/10/2008, Better Book Service _cGeneral Book |
||
| 040 |
_aRTL _cRTL _beng |
||
| 041 |
_2eng _aeng |
||
| 082 | _aY48:3(Q7).46.P, P7 | ||
| 100 |
_aAlianak Sonia _9322875 |
||
| 245 | 0 |
_aMiddle eastern leaders and Islam _b A precarious equilibrium |
|
| 260 |
_aNew York _bPeter Lang Publishing Inc. _c2007 |
||
| 300 |
_avii, 241p _ccm. |
||
| 500 | _aBibliography:Chapterwise; Glossary:p. 225-230 | ||
| 650 | _aGeography | ||
| 942 |
_hY48:3(Q7).46.P, P7 _cGB _2CC |
||
| 999 |
_c632195 _d632195 |
||